Electronic instrumentation and measurement techniques / (Record no. 2983)

000 -LEADER
fixed length control field 00438nam a2200145 4500
008 - FIXED-LENGTH DATA ELEMENTS--GENERAL INFORMATION
fixed length control field 200318b ||||| |||| 00| 0 eng d
082 00 - DEWEY DECIMAL CLASSIFICATION NUMBER
Classification number 621.38
Item number C7761
100 ## - MAIN ENTRY--PERSONAL NAME
Personal name Cooper, William D.
9 (RLIN) 2577
245 10 - TITLE STATEMENT
Title Electronic instrumentation and measurement techniques /
250 ## - EDITION STATEMENT
Edition statement 2nd ed.
260 ## - PUBLICATION, DISTRIBUTION, ETC. (IMPRINT)
Place of publication, distribution, etc New Delhi
Name of publisher, distributor, etc Prentice Hall
Date of publication, distribution, etc 1978
300 ## - PHYSICAL DESCRIPTION
Extent xii, 500 p.
650 #0 - SUBJECT ADDED ENTRY--TOPICAL TERM
Topical term or geographic name as entry element Electronic measurements
942 ## - ADDED ENTRY ELEMENTS (KOHA)
Source of classification or shelving scheme
Item type Books
Holdings
Withdrawn status Lost status Source of classification or shelving scheme Damaged status Not for loan Permanent location Current location Date acquired Full call number Barcode Date last seen Koha item type
          IMU Kolkata IMU Kolkata 1979-04-03 621.38 C7761 05063 2020-03-18 Books
Designed and Maintained by IMU-KC Library, Kolkata Campus © Copyright All Rights Reserved

webs counters

Powered by Koha